| 000 | 01579nam a2200241Ia 4500 | ||
|---|---|---|---|
| 003 | Ost | ||
| 005 | 20260416102352.0 | ||
| 008 | 260416s9999||||xx |||||||||||||| ||und|| | ||
| 040 | _cfsecg | ||
| 041 | _aara | ||
| 082 | _a658.83 | ||
| 100 |
_aفتيحة، آيت اوقاسي _eمؤلف |
||
| 245 | 0 |
_aبحوث التسويق / _c آيت اوقاسي فتيحة |
|
| 260 |
_aالجزائر _bجامعة الجزائر3: كلية العلوم الإقتصادية، العلوم التجارية وعلوم التسيير _c2017 |
||
| 300 |
_a67 ورقة _bايضاحات _c30 سم |
||
| 504 | _aمراجع ص.67 | ||
| 520 | _aمفهوم وأهمية بحوث التسويق، مجالات بحوث التسويق، القرارات التسويقية وبحوث التسويق، نظم المعلومات التسويقية، أنواع بحوث التسويق، مراحل وخطوات انجاز البحث السويقي، مصادر وأساليب توفير البيانات، المعاينة وطرق اختيار العينات، تصميم استمارة الاستبيان، تحليل البيانات احصائيا، القياس والبحث التسويقي، اعداد التقرير النهائي للبحث التسويقي | ||
| 653 | _aالتسويق | ||
| 653 | _aالتسويق-البحوث | ||
| 653 | _aنظم المعلومات- المؤسسة الممتدة | ||
| 710 |
_aجامعة الجزائر3: كلية العلوم الإقتصادية، العلوم التجارية وعلوم التسيير _eناشر علمي |
||
| 942 | _cHANDOUT | ||
| 999 |
_c41060 _d41060 |
||